ბათუმის შოთა რუსთაველის სახელმწიფო უნივერსიტეტის ბიბლიოთეკა

სოფლის მეურნეობის პროდუქციის თვითღირებულების და სამუშაოთა მექანიზაციის დონის გამოანგარიშების საკითხები / (ბიბ.ჩანაწერი № 64084)

000 -ლიდერი
ფიქსირებული სიგრძის საკონტროლო ველი 01263nam a22001937a 4500
003 - საკონტროლო ნომრის იდენტიფიკატორი
საკონტროლო ველი Ge_BSU
005 - ბოლო ოპერაციის თარიღი და დრო
საკონტროლო ველი 20260327110106.0
008 - ფიქსირებული სიგრძის მონაცემთა ელემენტები - ზოგადი ინფორმაცია
ფიქსირებული სიგრძის საკონტროლო ველი 260327s1963 ge ||||| |||| 00| 0 geo d
041 ## - ენის კოდი
Language code of text/sound track or separate title geo
080 ## - უნივერსალური ათობითი კლასიფიკაციის ინდექსი
Universal Decimal Classification number 338.512 : 63(479.22) გ-45
100 ## - მთავარი ჩანაწერი - პიროვნების სახელი
Personal name გველესიანი, მ.
9 (RLIN) 27220
245 ## - ცნობა სათაურის შესახებ
Title სოფლის მეურნეობის პროდუქციის თვითღირებულების და სამუშაოთა მექანიზაციის დონის გამოანგარიშების საკითხები /
Statement of responsibility, etc მ. გველესიანი; [რედ. ნ. იაშვილი]; საქ. სსრ მეცნ. აკადემია, ეკონ. ინ-ტი.
264 ## - წარმოების, გამოცემის, დისტრიბუციის და სხვა ცნობები
გამოცემის, წარმოების, დისტრიბუციის... ადგილი თბილისი,
გამოცემის, წარმოების, დისტრიბუციის... თარიღი 1963.
300 ## - ფიზიკური აღწერა
Extent 133 გვ. :
Other physical details ცხრილ. ;
Dimensions 21 სმ.
504 ## - BIBLIOGRAPHY, ETC. NOTE
Bibliography, etc ბიბლიოგრფია შენიშვნებში.
700 ## - ADDED ENTRY--PERSONAL NAME
Personal name იაშვილი, ნ.
Relator term რედაქტორი
9 (RLIN) 4099
710 ## - ADDED ENTRY--CORPORATE NAME
Corporate name or jurisdiction name as entry element საქართველოს სსრ მეცნიერებათა აკადემია.
Subordinate unit ეკონომიკის ინსტიტუტი.
9 (RLIN) 26899
942 ## - ADDED ENTRY ELEMENTS (KOHA)
Source of classification or shelving scheme
Koha item type წიგნი
ეგზემპლარები
ჩამოწერის სტატუსი დაკარგული ეგზემპლარის სტატუსი კლასიფიკაციის წყარო ან თაროზე გაწყობის სქემა დაზიანების სტატუსი არ გაიცემა მუდმივი მდებარეობა (დაცვის ადგილი) ამჟამინდელი ადგილსამყოფელი თაროზე განთავსების ადგილი შეძენის თარიღი ღირებულება, შესყიდვის ნორმალური ფასი სრული შენახვის შიფრი შტრიხკოდი ბოლო ოპერაციის თარიღი ეგზემპლარის მიმდევრობითი ნომერი (კეტერი?) ფასის ძალაში შესვლის თარიღი ეგზემპლარის სახეობა საჯარო შენიშვნა
          ბათუმის შოთა რუსთაველის სახელმწიფო უნივერსიტეტის მთავარი ბიბლიოთეკა ბათუმის შოთა რუსთაველის სახელმწიფო უნივერსიტეტის მთავარი ბიბლიოთეკა წიგნსაცავი 2026-03-27 1.10 338.512 : 63(479.22) გ-45 74157 2026-03-27 74157 2026-03-27 წიგნი 1 ლ. 10 თ.